000 01039nam a22003257a 4500
003 CHAP
005 20220329141712.0
008 971013s1983 r 00010 d
010 _a72499
011 _a73471
035 _a83028
040 _cCHAP
090 _aFolleto 9020
100 0 0 _aGarcía C., Silvia.
_945792
245 _aMatemática y formación del economista
260 _aMéxico, D.F. :
_bCentro de Investigación y Docencia Económicas,
_c1983
300 _a117 p.
490 _aCIDE. Documentos de trabajo
_v; 4
590 _aBATCH-UPD
_b10
_c20130110
_lUCH01
_h0410
590 _aBATCH-UPD
_b10
_c20130110
_lUCH01
_h2104
590 _aBATCH-UPD
_b10
_c20130410
_lUCH01
_h0044
590 _aBATCH-UPD
_b10
_c20130914
_lUCH01
_h0939
590 _aCONVERSION
_b10
_c20130109
_lUCH01
_h1340
650 1 4 _aEconometría.
_935201
650 1 4 _aEconomía.
_935226
830 0 _aCIDE. Documentos de trabajo
_v; 4
_923097
901 _aBK
942 _cFOLL
949 _aFolleto 9020
_bBC
_cFOLL
_d-37353
_eTS1
_gI.c/e
_i83028
_si
_t530.00
999 _c72499
_d72499